Physics laboratory manual on mechanics and energy/ (Record no. 10115)

MARC details
000 -LEADER
fixed length control field 00593nam a22001937a 4500
003 - CONTROL NUMBER IDENTIFIER
control field OSt
005 - DATE AND TIME OF LATEST TRANSACTION
control field 20260430091214.0
008 - FIXED-LENGTH DATA ELEMENTS--GENERAL INFORMATION
fixed length control field 260430b |||||||| |||| 00| 0 eng d
020 ## - INTERNATIONAL STANDARD BOOK NUMBER
International Standard Book Number 971-23-3454-6
040 ## - CATALOGING SOURCE
Original cataloging agency DWC-Main lib.
Transcribing agency OC
082 ## - DEWEY DECIMAL CLASSIFICATION NUMBER
Classification number Fil. 530.7 M294p 2002
100 ## - MAIN ENTRY--PERSONAL NAME
Personal name Catchillar, Gery C.
245 ## - TITLE STATEMENT
Title Physics laboratory manual on mechanics and energy/
Statement of responsibility, etc. Gery C. Catchillar
260 ## - PUBLICATION, DISTRIBUTION, ETC.
Place of publication, distribution, etc. Manila :
Name of publisher, distributor, etc. Rex Book Store,
Date of publication, distribution, etc. c2002.
300 ## - PHYSICAL DESCRIPTION
Extent viii, 91 p. ;
Dimensions 25 cm.
650 ## - SUBJECT ADDED ENTRY--TOPICAL TERM
Topical term or geographic name entry element 1. Physics--Laboratory manual.
700 ## - ADDED ENTRY--PERSONAL NAME
Personal name Malenab, Ryan G.
942 ## - ADDED ENTRY ELEMENTS (KOHA)
Source of classification or shelving scheme Dewey Decimal Classification
Koha item type Book-Filipiniana
Classification part Fil.
Suppress in OPAC No
952 ## - LOCATION AND ITEM INFORMATION (KOHA)
--
952 ## - LOCATION AND ITEM INFORMATION (KOHA)
--
952 ## - LOCATION AND ITEM INFORMATION (KOHA)
--
Holdings
Withdrawn status Lost status Source of classification or shelving scheme Damaged status Not for loan Home library Current library Shelving location Date acquired Total Checkouts Full call number Barcode Date last seen Copy number Price effective from Koha item type Uniform Resource Identifier
    Dewey Decimal Classification     College Library College Library Filipiniana 04/30/2026   Fil. 530.7 M294p 2002 CL38064 04/30/2026 c1 04/30/2026 BK - FIL
    Dewey Decimal Classification     College Library College Library Filipiniana 04/30/2026   Fil. 530.7 M294p 2002 CL38065 04/30/2026 c2 04/30/2026 BK - FIL
    Dewey Decimal Classification     College Library College Library Filipiniana 04/30/2026   Fil. 530.7 M294p 2002 CL38066 04/30/2026 c3 04/30/2026 BK - FIL